[Event "CZE-ch Open 2019"]
[Site "Ostrava"]
[Date "2019.04.27"]
[Round "1.30"]
[White "Serrano Salvador, Eduardo"]
[Black "Kana, Pavel"]
[Result "1-0"]
[WhiteElo "2305"]
[BlackElo "2013"]
[Annotator "TA"]
[PlyCount "61"]
[EventDate "2019.04.27"]
[EventType "swiss"]
[EventCountry "CZE"]
[SourceTitle "playchess.com"]
[Source "ChessBase"]
[SourceQuality "1"]

{[%evp 9,61,23,28,0,0,0,0,0,0,0,18,7,18,21,45,-3,18,10,22,-77,0,0,60,74,64,-36,0,0,0,0,0,-70,0,0,0,0,0,18,135,113,117,148,335,345,602,602,600,594,586,582,918,905,5343,5343]} 1. d4 d5 2. c4 c6 3. Nf3 Nf6 4. Nc3 a6 5. Qc2 g6 6. e4 {D15: Slav Defence: 4 Nc3 a6 and gambit lines after 4 Nc3 dxc4} (6. Bg5 Be6 7. e4 dxe4 8. Nxe4 Nbd7 9. Nxf6+ exf6 10. Bd2 Bg7 11. Be2 O-O 12. O-O Bf5 13. Qb3 {1-0 (40) Gelfand,B (2695)-Artemiev,V (2704) Poikovsky 2018}) 6... dxe4 7. Nxe4 Nxe4 8. Qxe4 {The position is equal.} Bg7 9. Be2 O-O 10. O-O Bf5 11. Qh4 Nd7 12. Bh6 Re8 $146 (12... e5 $5 {[%cal Rd8h4]} 13. Bxg7 Kxg7 $11) ({Predecessor:} 12... e6 13. Bg5 {1-0 (42) Smirnov,A (2405)-Petrov,D (2239) Viljandi 2018}) 13. Rad1 e5 14. Ng5 {[#]} (14. Bxg7 $11 Kxg7 15. dxe5 (15. Ng5 h6 $17)) 14... Qf6 ({Better is} 14... f6 $1 $17 15. Bxg7 fxg5) 15. d5 $11 {g4 is the strong threat.} cxd5 ({Black should play} 15... Nf8 $1 $11) 16. g4 $1 $40 {[%cal Rg4f5][%mdl 128] White has strong attack.} Bc2 {Threatens to win with ...Bxh6.} 17. Rxd5 (17. Rd2 $14 d4 18. Rxc2) 17... Ba4 18. Bxg7 Qxg7 19. Ne4 Bc6 20. Rfd1 (20. g5 $11 Bxd5 21. cxd5) 20... g5 (20... Bxd5 $15 21. Rxd5 {[#]} g5 $1 {[%mdl 512]} 22. Nxg5 Nf6) 21. Qh3 $11 Bxd5 22. cxd5 Nf6 23. Nd6 Red8 (23... Qf8 $11 {keeps the balance.} 24. Nxe8 Nxe8) 24. Nf5 $16 Qf8 25. d6 Rd7 $2 (25... Kh8 $16 {is a better defense.}) 26. Qe3 $1 $18 {[%csl LRe5,LRg5][%mdl 64] Double Attack} h6 $2 (26... Ne8 27. Qxe5 (27. Qxg5+ Kh8 $14) 27... Ng7) 27. Qxe5 {White is clearly winning.} Re8 28. Qxf6 Re6 29. Ne7+ Rdxe7 30. dxe7 Rxf6 {[#]} 31. Rd8 $1 {[%mdl 576] Pin. Accuracy: White = 46%, Black = 35%.} 1-0

[Event "CZE-ch Open 2019"]
[Site "Ostrava"]
[Date "2019.04.27"]
[Round "1.31"]
[White "Koubova, Anna Marie"]
[Black "Sramek, Vojtech"]
[Result "0-1"]
[WhiteElo "2005"]
[BlackElo "2304"]
[Annotator "TA"]
[PlyCount "60"]
[EventDate "2019.04.27"]
[EventType "swiss"]
[EventCountry "CZE"]
[SourceTitle "playchess.com"]
[Source "ChessBase"]
[SourceQuality "1"]

{[%evp 11,60,91,89,54,50,54,85,34,47,22,17,0,33,11,46,6,5,0,8,2,8,0,6,10,12,8,8,6,6,6,6,6,4,6,6,7,9,0,80,88,84,68,83,29,35,12,22,-95,-117,-104,-97]} 1. d4 Nf6 2. c4 e5 3. dxe5 Ng4 4. Bf4 g5 5. Bg3 Bg7 6. Nf3 Nc6 {[%cal Rg4e5]} 7. e3 {A52: Budapest Gambit} (7. h4 Ngxe5 8. hxg5 Nxf3+ 9. gxf3 Bxb2 10. Nd2 Qxg5 11. Bxc7 d6 12. Ne4 Bxa1 13. Nxd6+ Kd7 14. Ne4+ Kxc7 15. Qd6+ {½-½ (34) Shimanov,A (2633)-Durarbayli,V (2608) Merida 2016}) 7... Ngxe5 8. Nxe5 Nxe5 9. Be2 ({White should play} 9. h4 $16) 9... d6 10. O-O Be6 11. Nd2 Qd7 12. Qc2 $146 ({Predecessor:} 12. Rc1 O-O-O 13. Ne4 Qe7 14. c5 Kb8 15. cxd6 cxd6 {0-1 (74) Baladjaev,G (2177)-Kanep,M (2446) Nakhchivan 2003}) 12... f5 13. c5 O-O 14. f4 gxf4 15. Bxf4 Ng6 16. Nf3 Nxf4 17. exf4 Qc6 18. Rac1 Qxc5+ 19. Qxc5 dxc5 20. Rxc5 c6 21. b3 Rad8 22. Bc4 Bxc4 23. Rxc4 Rfe8 $36 {[%mdl 2048] Black is more active.} 24. Rc5 Rd5 (24... Re2 $11 {keeps the balance.}) 25. Rxd5 $16 cxd5 {KRB-KRN} 26. Rd1 d4 27. Rd2 (27. Nh4 $16) 27... Re4 28. g3 {And now Nh4 would win.} Bf6 29. Ne5 (29. Kf2 $11 {remains equal.}) 29... Bxe5 $17 30. fxe5 Kf7 {Accuracy: White = 24%, Black = 71%.} 0-1

[Event "CZE-ch Open 2019"]
[Site "Ostrava"]
[Date "2019.04.27"]
[Round "1.32"]
[White "Worek, Joanna"]
[Black "Malinovsky, Petr"]
[Result "1/2-1/2"]
[WhiteElo "2299"]
[BlackElo "2003"]
[Annotator "TA"]
[PlyCount "79"]
[EventDate "2019.04.27"]
[EventType "swiss"]
[EventCountry "CZE"]
[SourceTitle "playchess.com"]
[Source "ChessBase"]
[SourceQuality "1"]

{[%evp 22,79,25,18,41,31,37,42,52,45,58,61,58,53,100,76,77,81,202,180,191,90,170,177,174,145,202,212,209,203,194,210,219,226,227,134,136,8,12,-70,-81,-82,-8,0,0,-8,-11,-12,-8,-8,-8,-10,-8,-8,-8,-27,-27,-27,-27,-41]} 1. e4 c5 2. Nf3 g6 ({Predecessor:} 2... Nc6 3. d4 cxd4 4. Nxd4 {1-0 (32) Chojnacki,K (2398)-Dobrowolski,A (2356) Legnica 2007}) 3. d4 cxd4 4. Nxd4 Nc6 5. c4 Nf6 6. Nc3 d6 7. Be2 Nxd4 8. Qxd4 Bg7 9. Be3 O-O 10. Qd2 Be6 11. O-O Qa5 12. Rfc1 Rfc8 {B36: Sicilian: Maroczy Bind: Gurgenidze System} 13. b3 a6 14. Rab1 b5 {White is slightly better.} 15. b4 Qd8 $1 16. cxb5 axb5 17. Bxb5 Ra3 18. Nd5 Nxe4 $146 (18... Rca8 19. Nxf6+ Bxf6 20. Bc4 Bxc4 21. Rxc4 Rxa2 {½-½ (42) Safarli,E (2644)-Guseinov,G (2623) Nakhchivan 2013}) 19. Rxc8 Bxc8 (19... Qxc8 $16 20. Nxe7+ {[%mdl 64] Double Attack} Kf8 21. Nxc8 Nxd2 22. Bxd2 Rxa2) 20. Qc1 $18 Rc3 {[#]} 21. Qe1 ({But not} 21. Nxc3 $6 Nxc3 22. a4 d5 $16) (21. Bb6 $1 $18 {[%cal Rb6d8] is more deadly.} Qf8 22. Nxc3 Nxc3 23. a4) 21... Be6 (21... Bb7 $16 22. Nxc3 Nxc3) 22. Nxc3 Nxc3 23. a4 {[%cal Ba2a4,Ba4a5,Ba5a6][%mdl 32]} Nxb1 (23... d5 $16 {is a better defense.}) 24. Qxb1 d5 25. Bc5 d4 26. a5 Bd5 27. a6 e5 28. Be2 (28. Bf1 $18) 28... e4 $16 29. b5 (29. a7 $16) 29... d3 $11 30. Bd1 ({Better is} 30. Bf1 $1 $11 Qa5 31. a7) 30... Qa5 $1 $15 {[%cal Ra5e1]} 31. Qb4 Qxb4 ({Black should try} 31... Qa1 $17 32. Qa4 Qc3) 32. Bxb4 $17 {[%mdl 4096] Endgame Black must now prevent b6. KBB-KBB} Bd4 33. Ba5 $132 {[%mdl 2048] Threatens to win with b6. White has counterplay} Bc4 34. Ba4 e3 35. fxe3 Bxe3+ 36. Kh1 d2 37. a7 Bxa7 {...Bxb5! is the strong threat.} 38. b6 {[#]} Bxb6 $1 {[%mdl 512]} 39. Bxb6 {And now Ba5 would win.} Be2 40. g3 {Accuracy: White = 46%, Black = 60%.} 1/2-1/2

[Event "CZE-ch Open 2019"]
[Site "Ostrava"]
[Date "2019.04.27"]
[Round "1.33"]
[White "Vorisek, Jakub"]
[Black "Riha, Vojtech"]
[Result "0-1"]
[WhiteElo "1991"]
[BlackElo "2288"]
[Annotator "TA"]
[PlyCount "62"]
[EventDate "2019.04.27"]
[EventType "swiss"]
[EventCountry "CZE"]
[SourceTitle "playchess.com"]
[Source "ChessBase"]
[SourceQuality "1"]

{[%evp 20,80,14,0,0,-12,-4,-3,0,-11,-2,-46,-39,-132,-116,-370,-37,-65,-56,-57,-58,-46,-70,-59,-35,-64,19,-171,-141,-214,-187,-182,-175,-161,-155,-266,-270,-637,-316,-782,-764,-762,-772,-762,-763,-738,-722,-1232,-1356,-1360,-1315,-1289,-1269,-29987,-29988,-29990,-29991,-29990,-29991,-29992,-29993,-29993,-29994]} 1. e4 c5 2. Nf3 Nc6 3. d4 cxd4 4. Nxd4 Nf6 5. Nc3 e5 6. Ndb5 d6 7. Nd5 Nxd5 8. exd5 Ne7 9. c4 Ng6 10. Bd3 Be7 11. O-O a6 {B33: Sicilian: Pelikan and Sveshnikov Variations} (11... O-O 12. Bxg6 hxg6 13. Be3 f5 14. f3 b6 15. f4 a6 16. Nc3 exf4 17. Bxf4 Bf6 18. Be3 Bd7 19. Bd4 {0-1 (34) Brooks,M (2463)-Nakamura,H (2701) Saint Louis 2009}) 12. Nc3 f5 13. f3 O-O {The position is equal.} 14. Kh1 Bd7 15. c5 $146 ({Predecessor:} 15. g3 Bg5 16. a4 e4 17. Bxg5 Qxg5 18. f4 {½-½ (43) Borwell,A (2279)-Mishin,A (2328) ICCF email 2015}) 15... Kh8 16. Qb3 (16. cxd6 $15 Bxd6 17. Be3) 16... dxc5 $17 17. Qxb7 $2 {[%mdl 8192] [#]} (17. a4 $17 {was necessary.}) 17... Bd6 $2 ({Black should try} 17... Rb8 $1 $19 {[%cal Rb8b7]} 18. Qa7 (18. Qxa6 $2 Rf6 $19) 18... Rf6) 18. Be3 (18. Bxa6 $2 Rb8 $19) 18... e4 $1 {[%cal Re4d3]} 19. fxe4 Qh4 {[%csl Gd6][%cal Rh4h2]} 20. Bg1 Ne5 {[%mdl 1024] ...Rfb8 is the strong threat. Black has compensation.} 21. Qb6 $1 {[%cal Rb6d6]} Rf6 $1 22. Be2 Raf8 ({Black should play} 22... Nf7 $15 23. h3 fxe4 24. Rxf6 (24. Bxc5 $2 Bxh3 25. Qxd6 Nxd6 $19) 24... gxf6) 23. Qb3 $2 ({Resist} 23. Qxa6 $6 Nf7 $16) (23. Qa7 $11 {and White is okay.}) 23... Rh6 {And now ...Qg3 would win.} 24. Nd1 (24. exf5 $17 Nc6 25. h3 (25. dxc6 Qg3 26. Rf4 Bxf4 27. Qg8+ Rxg8 28. h3 Rxh3+ {[%mdl 64] Demolition} 29. gxh3 Qxh3+ {[%mdl 64] Double Attack} 30. Bh2 Qxh2#)) 24... c4 $36 {[%mdl 2048] Black is on the roll.} 25. Qe3 f4 26. Qf2 Qe7 27. b3 {[#]} (27. Qd4 $17) 27... f3 $1 $19 {[%mdl 512] Hoping for ...Ng4.} 28. Bxf3 $2 (28. Ne3 fxe2 29. Qxe2) 28... Nd3 (28... Ng4 $142 29. Bxg4 Rxf2 30. Nxf2 Qe5) 29. Qe3 $2 (29. Qd4 Be5 {[%mdl 64] Skewer} 30. Qa7) 29... Qe5 {[%cal Rh6h2]} 30. Qxh6 gxh6 31. Ne3 {[#]} cxb3 {Played: Nd3-f2} 0-1

[Event "CZE-ch Open 2019"]
[Site "Ostrava"]
[Date "2019.04.27"]
[Round "1.34"]
[White "Michenka, Jozef"]
[Black "Pavlicek, Lukas"]
[Result "1-0"]
[WhiteElo "2287"]
[BlackElo "1963"]
[Annotator "TA"]
[PlyCount "75"]
[EventDate "2019.04.27"]
[EventType "swiss"]
[EventCountry "CZE"]
[SourceTitle "playchess.com"]
[Source "ChessBase"]
[SourceQuality "1"]

{[%evp 17,75,0,45,0,45,45,50,56,60,58,108,17,65,61,135,116,127,130,124,105,142,138,189,109,115,121,135,110,123,122,227,218,210,130,127,123,203,221,216,177,157,126,382,374,1271,1262,1137,1178,1745,1673,29990,29991,29991,29983,29990,29991,29990,1335,1243,1164]} 1. d4 Nf6 2. c4 g6 3. Nc3 Bg7 4. e4 d6 5. Bd3 O-O 6. Nge2 c5 7. d5 e6 8. O-O exd5 9. exd5 Re8 10. h3 {E70: King's Indian: Miscellaneous lines with 4 e4, including 5 Nge2 and 5 Bd3 0-0 6 Nge2} Nbd7 (10... Nh5 11. Nf4 Nf6 12. Bc2 a6 13. Re1 b5 14. cxb5 axb5 15. Nxb5 {1-0 (45) Sjugirov,S (2663)-Pantsulaia,L (2597) chess.com INT 2019}) 11. Ng3 Ne5 12. Be2 {White is slightly better.} a6 13. a4 Rb8 $146 ({Predecessor:} 13... b6 14. Bg5 Qc7 15. Qc2 Ned7 16. Bf3 Bb7 17. Rab1 h6 {0-1 (46) Wan Abd Rahim,W (1633)-Azman Hisham,N (1961) Kuala Lumpur 2016}) 14. Be3 ({White should play} 14. f4 $16 Ned7 15. f5) 14... Qb6 15. Bd2 h5 (15... Ned7 $14) 16. f4 $1 $16 {[%cal Rf4e5]} Ned7 17. Bd3 $1 h4 18. Nge2 $1 Nf8 19. Be1 Bf5 (19... N6h7 $16 {might work better.} 20. Bxh4 f5) 20. Bxh4 ({White should try} 20. Bxf5 $18 gxf5 21. Bxh4) 20... Ne4 21. Be1 Nxc3 22. Bxc3 Bxc3 23. bxc3 {Strongly threatening Bxf5.} Re3 (23... Bxd3 $16 24. Qxd3 Qd8) 24. Bxf5 $18 gxf5 25. Qc2 Rbe8 26. Rf2 $1 R8e4 {[#]} (26... Qd8 $16) 27. Kh2 $1 Rxc4 28. Qxf5 {Hoping for Qg5+.} Qd8 29. Rb1 Qe7 $2 {[%mdl 8192]} (29... Qh4 $16 {was worth a try.}) 30. Ng3 Rcxc3 $2 (30... Rxg3 31. Kxg3 Rxa4 32. Qg4+ Ng6) 31. Qg4+ Ng6 32. Nf5 $1 {[%csl LRe3,LRe7][%mdl 64] Double Attack} Qe4 33. Rxb7 {Threatening mate with Nh6+.} Rb3 34. Nh6+ Kh8 35. Nxf7+ Kg8 36. Nh6+ Kh8 37. Qc8+ (37. Ra7 $142 c4 {[#]} 38. Nf5 $1 {[%mdl 512]} Qxf5 39. Qxf5 Ne7 40. Qf6+ Kh7 41. f5 Kg8 42. Ra8+ Rb8 43. Rxb8+ Nc8 44. Rxc8+ {[%mdl 64] Double Attack} Re8 45. Rxe8+ Kh7 46. Qh8#) 37... Qe8 38. Qxe8+ {Accuracy: White = 68%, Black = 27%.} 1-0

[Event "CZE-ch Open 2019"]
[Site "Ostrava"]
[Date "2019.04.28"]
[Round "2.1"]
[White "Navara, David"]
[Black "Kislinsky, Alexey"]
[Result "1-0"]
[WhiteElo "2733"]
[BlackElo "2429"]
[Annotator "TA"]
[PlyCount "49"]
[EventDate "2019.04.27"]
[EventType "swiss"]
[EventCountry "CZE"]
[SourceTitle "playchess.com"]
[Source "ChessBase"]
[SourceQuality "1"]

{[%evp 19,49,0,9,0,74,67,72,76,221,238,195,145,140,145,141,145,545,525,504,516,570,564,29982,29983,29983,29984,29979,29980,29993,29994,29996,29997]} 1. e4 c5 2. Nf3 g6 3. d4 cxd4 4. Nxd4 Bg7 5. Nc3 Nc6 6. Be3 Nf6 7. Bc4 O-O 8. Bb3 d6 9. f3 Bd7 10. h4 h5 11. Qd2 {B76: Sicilian Dragon: Yugoslav Attack, 9 g4 and 9 0-0-0} Nxd4 (11... Na5 $11) 12. Bxd4 $16 b5 13. g4 {White is better.} hxg4 {[#]} (13... e6 $16) 14. h5 $1 $18 {[%cal Rh5h6][%mdl 512] [#]} gxh5 $146 (14... Nxh5 15. Bxg7) ({Predecessor:} 14... e5 15. h6 Nh5 16. hxg7 Kxg7 17. Be3 Rh8 18. Qxd6 Qf6 19. O-O-O Qxf3 20. Qxe5+ Qf6 21. Qxf6+ Nxf6 22. Bd4 Rxh1 23. Rxh1 g3 24. Nd5 {1-0 (24) Grischuk,A (2709)-Gurevich,D (2507) Rishon Le Ziyyon 2006}) 15. O-O-O e5 ({Not} 15... gxf3 $2 16. Bxf6 exf6 17. Rxh5 $18) 16. Be3 $1 {[%cal Re3h6]} gxf3 {[#]} 17. Bh6 $1 $36 {[%mdl 2048] Qg5! is the strong threat. White is in control.} Ng4 $2 {[%mdl 8192]} (17... Bg4 $16 {is more resistant.}) 18. Bg5 Qa5 19. Qxd6 Be6 20. Bxe6 fxe6 21. Qxe6+ {White mates.} Rf7 22. Rd7 Raf8 23. Nd5 Bh6 24. Bxh6 f2 25. Qg6+ {[%mdl 64] Double Attack. Accuracy: White = 86%, Black = 26%.} (25. Bxf8 $2 {[#] is a self mate.} Qe1+ $1 {[%mdl 576] Back Rank} 26. Rxe1 fxe1=Q#) 1-0

[Event "CZE-ch Open 2019"]
[Site "Ostrava"]
[Date "2019.04.28"]
[Round "2.2"]
[White "Roubalik, Jakub"]
[Black "Krejci, Jan"]
[Result "1/2-1/2"]
[WhiteElo "2417"]
[BlackElo "2588"]
[Annotator "TA"]
[PlyCount "126"]
[EventDate "2019.04.27"]
[EventType "swiss"]
[EventCountry "CZE"]
[SourceTitle "playchess.com"]
[Source "ChessBase"]
[SourceQuality "1"]

{[%evp 9,126,22,22,25,32,27,33,35,37,18,29,0,25,0,25,0,24,8,19,0,0,0,0,0,0,0,0,0,0,0,0,0,0,0,0,0,0,-13,0,-17,0,-13,-10,-3,-4,-28,0,-6,0,0,29,36,21,0,0,0,0,0,119,118,125,106,114,59,125,79,127,23,43,0,123,0,51,38,51,56,66,48,72,79,73,48,56,35,43,47,49,47,61,52,52,63,74,33,39,23,11,24,29,27,44,26,47,39,46,39,52,45,52,39,46,53,77,22,22,22,22,22,22]} 1. d4 Nf6 2. c4 e6 3. Nf3 d5 4. Nc3 a6 5. cxd5 exd5 6. Bg5 {D37: Queen's Gambit Declined: 5 Bf4} Be6 7. e3 Nbd7 8. Bd3 {White is slightly better.} Bd6 (8... h6 9. Bf4 g5 10. Bg3 Nh5 11. Be5 Nhf6 12. Bg3 Nh5 13. Ne2 Nxg3 14. Nxg3 {1-0 (61) Leko,P (2679)-Caruana,F (2832) Germany 2019}) 9. Qc2 c6 10. Bh4 Qc7 11. Bg3 O-O 12. O-O Rfe8 $146 ({Predecessor:} 12... Rae8 13. b4 Bg4 14. Nd2 Bh5 15. a4 {½-½ (56) Berkovich,D (2400)-Shabalov,A (2590) New York 1993}) 13. b4 Bg4 14. Nd2 Bxg3 15. hxg3 Bh5 16. a4 Bg6 17. Rfc1 Nb6 18. Bxg6 hxg6 19. Qb3 Qe7 20. Re1 Rad8 21. Rac1 Rc8 22. Re2 Qe6 23. Qa2 Qf5 24. a5 Nbd7 25. Na4 Nf8 26. Nc5 Rc7 27. Nf1 g5 28. Qc2 $36 {[%mdl 2048] White has the initiative.} g6 29. f3 Qc8 30. g4 Ne6 31. Rce1 Rce7 32. Kf2 Qc7 33. Qc3 b6 (33... Kg7 $11) 34. axb6 $16 Qxb6 35. Ra2 Nc7 36. Rea1 (36. Rc1 $16) 36... Ra8 (36... Nd7 $14) 37. Ra5 Nfe8 {[#]} 38. Na4 (38. Nd3 $1 $16) 38... Qb7 $1 $11 39. Nc5 (39. Nd2 $14) 39... Qb6 $1 $16 {[#]} 40. Na4 (40. Nd3 $1 $16) 40... Qb7 $1 $14 41. Rc1 Rb8 42. Qxc6 Qxb4 43. Qc5 Re6 44. Qxb4 Rxb4 45. Rc2 Rb5 46. Rxb5 axb5 47. Nc5 Rc6 48. Nd2 f5 49. gxf5 gxf5 50. Ra2 Nd6 51. Ra7 Nc8 52. Rb7 Nd6 53. Rb8+ Kf7 54. Ndb3 {Strongly threatening Na5.} Ne6 55. Ke2 Rc7 56. Rb6 Ke7 57. Ra6 g4 58. Nxe6 Kxe6 {KRN-KRN} 59. Nc5+ Ke7 60. Kf2 gxf3 61. gxf3 (61. Kxf3 $16 Rc8 62. Ra7+ Kf6 63. Nd3) 61... f4 $11 {The position is equal.} 62. e4 dxe4 63. fxe4 {Kf3 is the strong threat.} Rxc5 {[%mdl 64] Remove Defender. Accuracy: White = 49%, Black = 54%.} 1/2-1/2

[Event "CZE-ch Open 2019"]
[Site "Ostrava"]
[Date "2019.04.28"]
[Round "2.3"]
[White "Hracek, Zbynek"]
[Black "Mikes, Jan"]
[Result "1-0"]
[WhiteElo "2585"]
[BlackElo "2394"]
[Annotator "TA"]
[PlyCount "71"]
[EventDate "2019.04.27"]
[EventType "swiss"]
[EventCountry "CZE"]
[SourceTitle "playchess.com"]
[Source "ChessBase"]
[SourceQuality "1"]

{[%evp 13,71,26,52,43,44,56,72,48,45,46,79,55,53,38,52,41,85,77,97,97,96,98,84,35,71,13,22,29,39,35,97,89,67,81,48,33,38,50,473,454,411,317,443,415,986,501,29991,29992,29993,5252,29986,754,29987,29988,29988,5289,29987,29984,29992,29993]} 1. d4 Nf6 2. c4 g6 3. Nc3 Bg7 4. e4 d6 5. h3 O-O 6. Be3 e5 7. d5 a5 8. g4 {E71: King's Indian: 4 e4 d6 5 h3} Na6 9. Nge2 Nd7 10. h4 {White is better.} (10. Qd2 Ndc5 11. Ng3 c6 12. Be2 cxd5 13. cxd5 a4 14. h4 Bd7 15. h5 Rc8 {0-1 (39) Caruana,F (2832)-Nakamura,H (2746) London 2018}) 10... Ndc5 11. Ng3 c6 12. Be2 cxd5 13. cxd5 Bd7 14. h5 $146 ({Predecessor:} 14. Qd2 f5 15. gxf5 gxf5 16. exf5 Bxf5 {1-0 (27) Izzat,K (2487)-Loh,Z (2193) Cammeray 2018}) 14... Bf6 15. Qd2 a4 16. Kf1 Rb8 17. g5 Bg7 18. Kg2 b5 19. Raf1 ({Better is} 19. Nd1 $16) 19... b4 20. Nd1 Nc7 $1 21. Rh4 b3 (21... Nb5 $14) 22. a3 $1 $16 Nb5 23. hxg6 hxg6 24. Rfh1 $36 {[%mdl 2048] White has the initiative.} Nd4 25. Rh7 Nc2 $2 {[%mdl 8192]} (25... Qe7 $1 $14) 26. Bxc5 $1 $18 dxc5 27. Ne3 {And now Nef5! would win.} Nxe3+ 28. Qxe3 Qe7 (28... c4 $142 29. f4 (29. Bxc4 Qb6 $18) 29... Qb6) 29. Bc4 Bb5 (29... Bg4 $18 30. f4 exf4 31. Qxf4 Qe5 32. Qxg4 Qxb2+ 33. Ne2 Rb7) 30. d6 Qd8 {[#]} 31. Bxb5 (31. Nf5 $142 $1 {[%mdl 512]} gxf5 32. Bxb5 Rb6 33. exf5 Rxd6 34. f6 Rxf6 35. gxf6 Qxf6 36. Qg3 $1 {[%mdl 512]}) 31... Rxb5 {[#]} 32. Qe2 (32. Nf5 $142 $1 {[%mdl 512]} gxf5 33. exf5 c4 34. f6 Bxf6 35. Qe4 Bxg5 36. Rh8+ Kg7 37. R1h7+ Kf6 38. Rh6+ $1 {[%mdl 512]} Bxh6 39. Rxh6+ Kg5 40. Qe3+ Kg4 41. Qf3+ Kg5 42. Rh5+ Kg6 43. Qg4+ {[%mdl 64] Double Attack} Kf6 44. Rh6#) 32... Rb6 {[#]} 33. Qg4 $1 f5 {[#]} 34. exf5 (34. Nxf5 $142 $1 {[%mdl 512]} Rxf5 (34... gxf5 35. Qh5) 35. exf5 {[%mdl 64] Discovered Attack} Qa8+ 36. Kg1 Rxd6 37. f6 Qxh1+ 38. Rxh1 Bxf6 39. gxf6) 34... Qa8+ 35. Kg1 gxf5 36. Qc4+ {[%mdl 64] Double Attack. Accuracy: White = 57%, Black = 37%.} 1-0

[Event "CZE-ch Open 2019"]
[Site "Ostrava"]
[Date "2019.04.28"]
[Round "2.4"]
[White "Mrazek, Lumir"]
[Black "Michalik, Peter"]
[Result "0-1"]
[WhiteElo "2364"]
[BlackElo "2577"]
[Annotator "TA RC"]
[PlyCount "86"]
[EventDate "2019.04.27"]
[EventType "swiss"]
[EventCountry "CZE"]
[SourceTitle "playchess.com"]
[Source "ChessBase"]
[SourceQuality "1"]

{[%evp 12,86,20,14,36,0,0,0,0,0,-13,-35,-1,-24,-24,-25,27,0,37,-27,-17,-20,-13,-15,-2,-11,0,0,0,0,0,0,6,0,0,0,0,0,0,0,0,-91,-89,-94,-91,-89,-90,-102,-104,-137,-121,-141,-124,-143,-131,-122,-122,-134,-128,-132,-119,-240,-223,-1400,-523,-1391,-1390,-1349,-1333,-1119,-1133,-1134,-1131,-1165,-1079,-29975,-29975]} 1. e4 c6 2. d4 d5 3. exd5 cxd5 4. Bd3 Nc6 5. c3 Nf6 6. Bf4 Bg4 7. Qb3 e5 {B13: Caro-Kann: Exchange Variation and Panov-Botvinnik Attack} (7... Na5 8. Qa4+ Bd7 9. Qc2 a6 10. Nd2 e6 11. Ngf3 Bb5 12. Bxb5+ axb5 13. a3 Be7 14. O-O O-O 15. Rae1 Nc4 16. Ne5 Ra6 17. Nd3 Rc6 {1-0 (82) Aronian,L (2765)-Karjakin,S (2753) Kolkata 2018}) 8. Bxe5 Qe7 9. Ne2 Nxe5 {The position is equal.} 10. dxe5 Qxe5 11. Qa4+ $146 ({Much weaker is} 11. Qxb7 Rb8 $17) ({Predecessor:} 11. Qxb7 Rb8 12. Qxa7 Rxb2 13. Qa8+ Kd7 14. Qa7+ Kd8 15. Qa8+ Kc7 16. Qa7+ Kd8 17. Qa8+ Kc7 18. Qa7+ {½-½ (18) Stukopin,A (2598)-Postny,E (2586) Rockville 2018}) 11... Kd8 (11... Bd7 $5 {[%cal Rd7a4]} 12. Qd4 Qc7 $15) 12. f3 Bd7 13. Qd4 Qg5 ({Black should play} 13... Qc7) 14. Nd2 {Strongly threatening h4.} Rc8 15. O-O-O (15. Nb3 $14) 15... Bc5 $11 16. Qf4 Qxf4 17. Nxf4 Re8 18. Kb1 Bd6 19. Ne2 $1 Re3 20. Nb3 Kc7 21. Ned4 Rce8 22. Nb5+ Bxb5 $1 23. Bxb5 R8e7 24. Nd4 g6 25. Bd3 a6 26. Rd2 {[#]} (26. Nc2 $11 {keeps the balance.}) 26... Re1+ $1 $17 27. Rd1 Rxd1+ 28. Rxd1 Bxh2 29. Bc2 h5 30. Bb3 Bg3 31. Kc2 Bf2 32. Kd3 Re3+ 33. Kd2 {Black must now prevent Rf1.} Re5 34. Rf1 Be3+ 35. Kd3 Bf4 36. Nc2 (36. Bd1 $17 {was worth a try.}) 36... Nd7 $19 37. Rf2 $2 (37. Nb4 Kd6 38. Nxd5 Nc5+ 39. Kc2) 37... Nc5+ 38. Kd4 Kd6 39. c4 {[#]} Re3 $1 {[%cal Rc5e6][%mdl 512]} 40. cxd5 (40. Nxe3 Be5#) 40... Rd3+ 41. Kc4 b5+ 42. Kb4 Bd2+ 43. Ka3 a5 {Accuracy: White = 36%, Black = 67%.} 0-1